| 000 | 00890cam a22002771 4500 | ||
|---|---|---|---|
| 001 | 22323 | ||
| 003 | BD-RjUL | ||
| 005 | 20211209000807.0 | ||
| 008 | 140308s1933 xx 000 0 eng | ||
| 035 | _a(BD-RjUL)22388 | ||
| 035 | _a(OCoLC)2971927 | ||
| 040 |
_aDLC _cOTU _dDLC _dBD-RjUL _beng |
||
| 041 | _aeng | ||
| 082 |
_a913.32 _bGLE |
||
| 100 | 1 |
_aGlanville, S. R. K. _q(Stephen Ranulph Kingdon), _d1900-1956. _968933 |
|
| 245 | 1 | 4 |
_aThe Egyptians / _cby S. R. K. Glanville. Illustrated by Pearl Binder. |
| 260 |
_aLondon : _bA. & C. Black, ltd., _c1933. |
||
| 300 |
_a95, [1] p. : _bincl. front., illus. ; _c19 cm. |
||
| 651 | 0 |
_aEgypt _xCivilization. _968935 |
|
| 651 | 0 |
_aEgypt _xSocial life and customs. _968936 |
|
| 700 | 1 |
_aBinder, Pearl, _eillus. _968937 |
|
| 942 |
_2ddc _cBK |
||
| 999 |
_c22323 _d22323 |
||